Normal view
MARC view
Entry Personal Name
001 - CONTROL NUMBER
- control field: 160552
003 - CONTROL NUMBER IDENTIFIER
- control field: OSt
005 - DATE AND TIME OF LATEST TRANSACTION
- control field: 20220923211449.0
008 - FIXED-LENGTH DATA ELEMENTS
- fixed length control field: 220923|| aca||aabn | a|a d
040 ## - CATALOGING SOURCE
- Original cataloging agency: OSt
- Transcribing agency: OSt
100 ## - HEADING--PERSONAL NAME
- Personal name: ਸਿੰਘ, ਖੁFਵੰਤ
670 ## - SOURCE DATA FOUND
- Source citation: Work cat.: (OSt)299776: ਸਿੰਘ, ਖੁFਵੰਤ, ਮੇਰੇ ਜੀਵਨ ਵਿੱਚ ਆਈਆਂ ਔਰਤਾਂ ਅਤੇ ਮਰਦ, 2013
